000 00761nam a2200241Ia 4500
003 OSt
005 20220923213309.0
006 a|||||r|||| 00| 0
007 ta
008 220922b |||||||| |||| 00| 0 hin d
024 _a160,536
037 _cTextual
040 _aARTS
_cARTS
_bhin
041 _2hin
_ahin
082 _aO152,1F70,11:g, J3
100 _aचन्दबरदाई
245 0 _aरेवातट (पृथ्वीराजरासो) 27 वां समय
246 _aRevātaṭ (pṛuthvīrājarāso) 27 vāan samaya
260 _c1953
650 _aहिन्दी साहित्य
_9156264
942 _hO152,1F70,11:g, J3
_cTEXL
_2CC
999 _c315283
_d315283